[Event "Mecklenburg VP U16"]
[Site "Malchow"]
[Date "2016.02.02"]
[Round "2.9"]
[White "Ladwig, Nick"]
[Black "Karberg, Richard"]
[Result "0-1"]
[WhiteElo "1197"]
[BlackElo "1031"]
[PlyCount "86"]
[EventDate "2016.02.02"]
[EventType "swiss"]
[EventRounds "7"]
[EventCountry "GER"]
[SourceTitle "EXT 2024"]
[Source "ChessBase"]
[SourceDate "2023.10.10"]
[SourceVersion "1"]
[SourceVersionDate "2023.10.10"]
[SourceQuality "1"]

1. e4 e5 2. Nf3 Nc6 3. Nc3 Bc5 4. Nxe5 Nxe5 5. d4 Bxd4 6. Qxd4 d6 7. f4 c5 8. Qa4+ Nc6 9. Be3 Bd7 10. Bb5 a6 11. Bxc6 Bxc6 12. Qc4 b5 13. Qd3 Qc7 14. 0-0-0 0-0-0 15. Qe2 Nf6 16. Rhg1 Nxe4 17. Nxe4 Bxe4 18. Qg4+ f5 19. Qh3 d5 20. g4 g6 21. gxf5 Bxf5 22. Qf3 Be4 23. Qf2 d4 24. Bd2 c4 25. Rge1 Rhe8 26. Bb4 a5 27. Bxa5 Qxa5 28. a3 d3 29. Qc5+ Kb7 30. b3 d2+ 31. Kb2 dxe1Q 32. Rxe1 Qxe1 33. Qxb5+ Kc7 34. Qc5+ Bc6 35. Qa7+ Bb7 36. Qc5+ Kb8 37. Qxc4 Rd1 38. Ka2 Rb1 39. f5 Qc1 40. Qc3 Re1 41. Qh8+ Bc8 42. Qe5+ Rxe5 43. c4 Qb2# 0-1